000 01097nam0a22003011 4500
001 rc\4383404
005 20260406162549.0
021 _aRU
_b68-94558
021 _aRU
_bРг1020-69
035 _a(NLR Aleph) 008290836
090 _a8575102
_c8575102
100 _a20130416d1968 |||y0rusy50 ca
101 0 _arus
102 _aRU
105 _ay z |||||
200 1 _aВоспитание пионеров и школьников на примере жизни и деятельности В. И. Ленина
210 _aМинск
_cБ. и.
_d1968
215 _a31 с.
_d20
225 1 _aМинский дворец пионеров и школьников. Методические материалы
300 _aОтпеч. множит. аппаратом
300 _aВ конце текста сост.: Рудько Н. П.
702 1 _aРудько
_bН.П.
_4220
712 0 2 _aМинский дворец пионеров
_3RU\NLR\AUTH\889934008
_9363120
801 0 _aRU
_bNLR
_gpsbo
801 1 _aRU
_bELAR
_2rusmarc
852 _aNLR
_j69-4/1632
942 _cBOOK
980 _aNB